Technische Mechanik /

Salvato in:
Dettagli Bibliografici
Autori principali: Aurich, H (Autore), Winkler, J (Autore)
Natura: Libro
Pubblicazione: Leipzig : Fachbuchverlag, 1989
Edizione:4. Auflage
Tags: Aggiungi Tag
Nessun Tag, puoi essere il primo ad aggiungerne!!

MARC

LEADER 00000nam a22000003a 4500
001 stu46604
005 20150617225710.9
008 ------s1989----gw----------------------d
040 |a STU  |b slo 
041 0
044 |a gw 
080 |a 531  |7 stu_us_auth*stu7974 
100 1 |a Aurich, H  |4 aut 
245 1 |a Technische Mechanik /  |c [aut.] Winkler,J.; Aurich,H 
250 |a 4. Auflage 
260 |a Leipzig :  |b Fachbuchverlag,  |c 1989 
300 |a 480 s 
700 1 |a Winkler, J  |4 aut 
996 |b J84583  |c J*84583/K 10  |l JJK10  |s P  |a 0  |w stu46604_0001